| 000 | 01577nam a2200325 i 4500 | ||
|---|---|---|---|
| 001 | 62247 | ||
| 003 | ES-MaACL | ||
| 005 | 20251118151644.0 | ||
| 007 | t| | ||
| 008 | 031119s1932 sp ||||1| spa d | ||
| 100 | 1 |
_aFeijoo, Benito Jerónimo, _d1676-1764 _949105 |
|
| 245 | 1 | 0 |
_aControversias clásicas sobre medicina : _b(siglo XVIII) / _cPadre Feijoo, Dr. Martín Martínez. |
| 250 | _a2ª ed. | ||
| 260 |
_aMasnou, Barcelona : _b[s.n.], _c1932 ( _fTip. de los Laboratorios del Norte de España) |
||
| 300 |
_a53 p. : _bil. ; _c22 cm. |
||
| 490 | 1 |
_aColección de publicaciones médicas histórico-artísticas ; _v6 |
|
| 505 | 8 | _aContiene: El Padre Benito Feijoo (biografía) . Medicina: discurso quinto . El Dr. Martín Martínez (biografía) . Réplica al Discurso quinto "medicina" del Teatro crítico universal, del Rmo. P. Mro. Fr. Benito Feijoo / por el Dr. Martín Martínez | |
| 530 | _aDisponible en formato digital. | ||
| 599 | _aRetr. de Benito Feijoo y de Martín Martínez. | ||
| 600 | 1 | 4 |
_aFeijoo, Benito Jerónimo, _d1676-1764 _949105 |
| 600 | 1 | 4 |
_aMartínez, Martín, _d1684-1734 _9173203 |
| 650 | 4 |
_aMedicina- _zEspaña- _yS.XVIII _914905 |
|
| 700 | 1 |
_aMartínez, Martín, _d1684-1734 _9173203 |
|
| 710 | 2 |
_aLaboratorios del Norte de España. _95476 |
|
| 830 | 1 |
_aColección de publicaciones médicas histórico-artísticas ; _v6 _9182835 |
|
| 852 | 4 |
_aES-MaACL _j1933-F-5 _cDEPOF _zRevisado enlace: 19 de Abril de 2025 |
|
| 856 | 4 |
_uhttps://archive.org/details/b30629172 _yInternet Archive |
|
| 942 | _2udc | ||
| 999 |
_c62247 _d62247 |
||